000 00437nam a2200181Ia 4500
001 23630
005 20260414150950.0
008 260414t2014||||xx |||||||||||||| ||spa||
041 _aESP
082 _a670.427
_bR73
100 _aRodríguez Fernández, Julián
_eAUT
245 0 _aAutomatismos industriales
_b
260 _c2014
300 _a427 páginas :
_c27 cm.
650 _aTCA
654 _aCII
942 _cLIB
_dJUS
_fJUS
_2ddc
_n
999 _c23630
_d23630